Business law including company law / (Record no. 22081)
[ view plain ]
| 000 -LEADER | |
|---|---|
| fixed length control field | 00775nam a22002175a 4500 |
| 008 - FIXED-LENGTH DATA ELEMENTS--GENERAL INFORMATION | |
| fixed length control field | 160731r20142013ii a|||fr|||| 000 0 eng d |
| 020 ## - INTERNATIONAL STANDARD BOOK NUMBER | |
| International Standard Book Number | 8122422314 |
| 020 ## - INTERNATIONAL STANDARD BOOK NUMBER | |
| International Standard Book Number | 9788122422313 |
| 040 ## - CATALOGING SOURCE | |
| Original cataloging agency | EG-ScBUE |
| Language of cataloging | eng |
| Transcribing agency | EG-ScBUE |
| 082 04 - DEWEY DECIMAL CLASSIFICATION NUMBER | |
| Edition number | 22 |
| Classification number | 346.7054 |
| Item number | GUL |
| 100 1# - MAIN ENTRY--PERSONAL NAME | |
| 9 (RLIN) | 40557 |
| Personal name | Gulshan, S. S. |
| Dates associated with a name | 1935- |
| Fuller form of name | (Satnam Singh), |
| 245 ## - TITLE STATEMENT | |
| Title | Business law including company law / |
| Statement of responsibility, etc | S.S. Gulshan and G. K. Kapoor. |
| 250 ## - EDITION STATEMENT | |
| Edition statement | 16th ed. |
| 260 ## - PUBLICATION, DISTRIBUTION, ETC. (IMPRINT) | |
| Place of publication, distribution, etc | New Delhi : |
| Name of publisher, distributor, etc | New Age International (P) Ltd., Publishers, |
| Date of publication, distribution, etc | 2014. |
| 300 ## - PHYSICAL DESCRIPTION | |
| Extent | xiv, 782 p. : |
| Other physical details | ill. ; |
| Dimensions | 24 cm. |
| 500 ## - GENERAL NOTE | |
| General note | Reprint of the 16th ed. |
| 650 #7 - SUBJECT ADDED ENTRY--TOPICAL TERM | |
| Source of heading or term | BUEsh |
| 9 (RLIN) | 40558 |
| Topical term or geographic name as entry element | Law |
| General subdivision | Business Studies |
| 651 ## - SUBJECT ADDED ENTRY--GEOGRAPHIC NAME | |
| Source of heading or term | BUEsh |
| 700 1# - ADDED ENTRY--PERSONAL NAME | |
| 9 (RLIN) | 40556 |
| Personal name | Kapoor, G. K. |
| Dates associated with a name | 1947- |
| Fuller form of name | (Gulshan K.), |
| 942 ## - ADDED ENTRY ELEMENTS (KOHA) | |
| Source of classification or shelving scheme | Dewey Decimal Classification |
| Edition | 22 |
| Call number prefix | 346.7054 GUL |
| Withdrawn status | Item status | Source of classification or shelving scheme | Damaged status | Not for loan | Vendor | Home library | Current library | Shelving location | Date acquired | Source of acquisition | Cost, normal purchase price | Serial Enumeration / chronology | Total Checkouts | Total Renewals | Full call number | Barcode | Date last seen | Date last borrowed | Cost, replacement price | Koha item type |
|---|---|---|---|---|---|---|---|---|---|---|---|---|---|---|---|---|---|---|---|---|
| Dewey Decimal Classification | Baccah | Central Library | Central Library | First floor | 31/07/2016 | Purchase | 188.00 | 26080 | 12 | 7 | 346.7054 GUL | 000033060 | 15/07/2025 | 28/03/2019 | 235.00 | Book - Borrowing |